000 00604nam a2200169Ia 4500
003 GCL
008 140319s9999 xx 000 0 ara d
040 _aGCL /
_cGCL
082 0 4 _aط
_b813.02
_bم س
100 1 _aمديحة العلاف
245 1 0 _aسلسلة القصص المصورة : المطاردة-النفق الخطر-الكنز-الصخرة السوداء-جزيرة البراكين /
_cمديحة العلاف
300 _aمتعدد ؛
_c15 سم
490 _aسلسلة القصص المصورة
_v0
650 0 4 _aالاطفال
650 0 4 _aقصص الاطفال
942 _2ddc
_cBK
999 _c45112
_d45112